Guess the Fusion Rock Song Lyrics #184 - Statistics

General Stats
  • This quiz has been taken 13 times
  • The average score is 272 of 418
Answer Stats
Answer % Correct
A
92%
a
92%
and
92%
go
92%
I
92%
love
92%
me
92%
that
92%
the
92%
To
92%
to
92%
too
92%
Too
92%
What
92%
when
92%
you
92%
You
92%
by
83%
feel
83%
for
83%
I'm
83%
in
83%
In
83%
is
83%
it
83%
It
83%
it's
83%
It's
83%
know
83%
of
83%
Oh
83%
oh
83%
our
83%
so
83%
So
83%
this
83%
we
83%
We
83%
Can't
75%
can't
75%
From
75%
got
75%
just
75%
lady
75%
life
75%
my
75%
no
75%
on
75%
time
75%
At
67%
Don't
67%
girl
67%
how
67%
I've
67%
man
67%
more
67%
never
67%
was
67%
were
67%
ago
58%
baby
58%
Baby
58%
But
58%
Come
58%
hearts
58%
hot
58%
Kool and the Gang
58%
long
58%
made
58%
need
58%
took
58%
way
58%
cry
50%
Feelin
50%
fell
50%
Gotta
50%
gotta
50%
mess
50%
new
50%
take
50%
those
50%
we've
50%
won't
50%
Yes
50%
Forever
42%
love's
42%
once
42%
Please
42%
remember
42%
stop
42%
through
42%
wife
42%
yeah
42%
years
42%
bad
33%
brand
33%
leave
33%
little
33%
lovers
33%
run
33%
seventeen
33%
shade
33%
shelter
33%
vows
33%
High
25%
high
25%
imagine
25%
minds
25%
school
25%
sweethearts
25%
anger
17%
Changing
17%
changing
17%
cool
17%
fever
17%
Flyin
17%
fun
17%
Funny
17%
hurt
17%
lose
17%
pain
17%
prayed
17%
stand
17%
Goodbye
8%
leaving
8%
listen
8%
patience
8%
warm
8%
Whoa
8%
No matching quizzes found
Score Distribution
Percent of People with Each Score
Percentile by Number Answered
Your Score History
You have not taken this quiz